Superliga 2020-2021 - Statistics

General Stats
  • This quiz has been taken 137 times
  • The average score is 10 of 12
Answer Stats
Hold % Correct
FC København
99%
Brøndby IF
94%
FC Midtjylland
91%
AaB
90%
FC Nordsjælland
89%
OB
87%
AGF
82%
Randers FC
79%
Vejle BK
76%
AC Horsens
74%
Lyngby
74%
SønderjyskE
71%
No matching quizzes found
Score Distribution
Percent of People with Each Score
Percentile by Number Answered
Your Score History
You have not taken this quiz